000
00345nam a2200157Ia 4500
003
OSt
005
20231213113313.0
008
170524s9999 xx 000 0 und d
020
_a
9788120316799
040
_c
IIMT UNIVERSITY
100
_a
Pucknell Douglas
245
0
_a
Basic VLSI Design
260
_b
PHI
260
_c
2006
942
_2
ddc
_c
02
999
_c
5076
_d
5076